[Event "SLO-chT 25th"]
[Site "Otocec"]
[Date "2015.11.08"]
[Round "6.16"]
[White "Zupe, Miran"]
[Black "Volf, Ziga"]
[Result "1/2-1/2"]
[WhiteElo "2272"]
[BlackElo "2236"]
[PlyCount "116"]
[EventDate "2015.10.16"]
[EventType "team-tourn"]
[EventRounds "9"]
[EventCountry "SLO"]
[SourceTitle "EXT 2020"]
[Source "ChessBase"]
[SourceDate "2019.10.17"]
[SourceVersion "1"]
[SourceVersionDate "2019.10.17"]
[SourceQuality "1"]
[WhiteTeam "Maribor Branik"]
[BlackTeam "Novo Mesto Krka"]
[WhiteTeamCountry "SLO"]
[BlackTeamCountry "SLO"]

1. g3 f5 2. Bg2 Nf6 3. d3 e5 4. c4 Bb4+ 5. Bd2 Bxd2+ 6. Qxd2 0-0 7. Nf3 Nc6 8. Nc3 d6 9. 0-0 Ne7 10. d4 e4 11. Ne1 d5 12. cxd5 Nexd5 13. Nc2 Qe8 14. Nxd5 Nxd5 15. Ne3 Be6 16. Nxd5 Bxd5 17. e3 Qe6 18. a3 Rae8 19. Rac1 c6 20. Rc3 Re7 21. f3 exf3 22. Bxf3 Rfe8 23. Qg2 Bxf3 24. Qxf3 g6 25. Rd1 Qe4 26. Qxe4 Rxe4 27. Kf2 Rd8 28. Rc5 Kf7 29. b4 a6 30. Kf3 Re7 31. h3 Kf6 32. Rd3 g5 33. g4 fxg4+ 34. hxg4 Kg6 35. e4 h5 36. gxh5+ Kxh5 37. Rd1 Rf8+ 38. Rf5 Rxf5+ 39. exf5 Kh6 40. Rh1+ Kg7 41. Kg4 Re3 42. Kxg5 Rxa3 43. f6+ Kg8 44. Kg6 Rg3+ 45. Kf5 Rf3+ 46. Ke5 Rb3 47. Ke6 Re3+ 48. Kd6 Rb3 49. Kc5 Rc3+ 50. Kd6 Rb3 51. f7+ Kxf7 52. Rh7+ Kf6 53. Rxb7 a5 54. Kxc6 axb4 55. Kc5 Rc3+ 56. Kxb4 Rc1 57. Rb5 Ke6 58. Rc5 Rb1+ 1/2-1/2

[Event "SLO-CupT"]
[Site "Novo Mesto"]
[Date "2015.03.29"]
[Round "5"]
[White "Tomazini, Aljosa"]
[Black "Volf, Ziga"]
[Result "1/2-1/2"]
[WhiteElo "2335"]
[BlackElo "2238"]
[PlyCount "79"]
[EventDate "2015.03.27"]
[EventType "team-swiss"]
[EventRounds "5"]
[EventCountry "SLO"]
[SourceTitle "EXT 2019"]
[Source "ChessBase"]
[SourceDate "2018.10.10"]
[SourceVersion "1"]
[SourceVersionDate "2018.10.10"]
[SourceQuality "1"]
[WhiteTeam "Slovenska Bistrica Impol"]
[BlackTeam "Novo Mesto Krka"]
[WhiteTeamCountry "SLO"]
[BlackTeamCountry "SLO"]

1. d4 f5 2. Nf3 Nf6 3. g3 e6 4. Bg2 d5 5. 0-0 Bd6 6. c4 c6 7. b3 Qe7 8. Bb2 0-0 9. Qc1 a5 10. Ba3 b6 11. Ne5 Ba6 12. Re1 Rc8 13. Qb2 Nbd7 14. Bxd6 Qxd6 15. Nd2 c5 16. Nxd7 Qxd7 17. Rac1 Rab8 18. cxd5 exd5 19. Nf3 Ne4 20. Ne5 Qd6 21. f3 Nf6 22. Bh3 g6 23. Nd3 Bxd3 24. exd3 Re8 25. Qf2 Rxe1+ 26. Rxe1 Re8 27. Rxe8+ Nxe8 28. dxc5 Qxc5 29. d4 Qc3 30. g4 f4 31. g5 Nc7 32. Kg2 Kf7 33. Bd7 Ke7 34. Bg4 Kd6 35. Qh4 Qd2+ 36. Kh3 Qd3 37. Kg2 Qd2+ 38. Kh3 Qd3 39. Kg2 Qd2+ 40. Kh3 1/2-1/2

[Event "SLO-chT 24th"]
[Site "Slovenia"]
[Date "2014.11.30"]
[Round "6.2"]
[White "Unuk, Laura"]
[Black "Volf, Ziga"]
[Result "1-0"]
[WhiteElo "2273"]
[BlackElo "2211"]
[PlyCount "71"]
[EventDate "2014.11.14"]
[EventType "team-tourn"]
[EventRounds "9"]
[EventCountry "SLO"]
[SourceTitle "EXT 2016"]
[Source "ChessBase"]
[SourceDate "2015.10.08"]
[SourceVersion "1"]
[SourceVersionDate "2015.10.08"]
[SourceQuality "1"]
[WhiteTeam "Komenda"]
[BlackTeam "Novo Mesto Krka"]
[WhiteTeamCountry "SLO"]
[BlackTeamCountry "SLO"]

1. d4 f5 2. g3 Nf6 3. Bg2 g6 4. Nf3 Bg7 5. 0-0 0-0 6. b3 Ne4 7. Bb2 c5 8. e3 Nc6 9. c4 e6 10. Qe2 b6 11. Ne5 Bb7 12. f3 Ng5 13. h4 Nf7 14. f4 d5 15. Rd1 cxd4 16. exd4 Ne7 17. Nxf7 Kxf7 18. Nd2 Rb8 19. Nf3 h6 20. Ba3 Bf6 21. Re1 Qd7 22. Rad1 dxc4 23. Ne5+ Bxe5 24. dxe5 Qc8 25. bxc4 Bxg2 26. Kxg2 Qa6 27. Bd6 Rbc8 28. h5 Rfe8 29. Bxe7 Rxe7 30. hxg6+ Kg7 31. Qh5 Qxa2+ 32. Kh3 Rf8 33. Qh4 Ree8 34. Rd7+ Kxg6 35. g4 Qa3+ 36. Kg2 1-0

[Event "SLO-chT 24th"]
[Site "Slovenia"]
[Date "2014.11.29"]
[Round "5.4"]
[White "Volf, Ziga"]
[Black "Cigan, Stefan"]
[Result "1/2-1/2"]
[WhiteElo "2211"]
[BlackElo "2384"]
[PlyCount "137"]
[EventDate "2014.11.14"]
[EventType "team-tourn"]
[EventRounds "9"]
[EventCountry "SLO"]
[SourceTitle "EXT 2016"]
[Source "ChessBase"]
[SourceDate "2015.10.08"]
[SourceVersion "1"]
[SourceVersionDate "2015.10.08"]
[SourceQuality "1"]
[WhiteTeam "Novo Mesto Krka"]
[BlackTeam "Pomgrad Radenska"]
[WhiteTeamCountry "SLO"]
[BlackTeamCountry "SLO"]

1. d4 Nf6 2. Nf3 g6 3. Bf4 Bg7 4. e3 c5 5. c3 b6 6. Nbd2 0-0 7. Be2 Bb7 8. 0-0 d6 9. h3 Nbd7 10. a4 Qc7 11. Bh2 a6 12. Re1 Rfd8 13. Bc4 Qc6 14. e4 cxd4 15. cxd4 d5 16. exd5 Nxd5 17. Rc1 Rac8 18. Qb3 b5 19. axb5 axb5 20. Qxb5 N7b6 21. Qxc6 Rxc6 22. Bb5 Rxc1 23. Rxc1 h5 24. Bg3 Bh6 25. Rc5 Kf8 26. Nc4 Nxc4 27. Bxc4 Nf4 28. Ne5 Rxd4 29. Nxf7 Rxc4 30. Rxc4 Ne2+ 31. Kh2 Kxf7 32. Rc7 Bd5 33. Bd6 Bg5 34. Rc2 Nd4 35. Rc5 Ke6 36. Bb8 Nb3 37. Rb5 Bf6 38. Rb6+ Kf7 39. Rb5 Be6 40. f3 h4 41. Rb4 Bd4 42. Bf4 Kf6 43. Rb5 Bc5 44. g3 Bc4 45. Rb7 e5 46. Bh6 hxg3+ 47. Kxg3 Kf5 48. h4 Bd4 49. Rc7 Bd5 50. Rc2 Bb6 51. Rh2 e4 52. fxe4+ Bxe4 53. Bf4 Nd4 54. Rf2 Ke6 55. Rd2 Nf5+ 56. Kg4 Ba5 57. Re2 Kd5 58. h5 gxh5+ 59. Kxh5 Bf3+ 60. Kg5 Bxe2 61. Kxf5 Bd3+ 62. Kg4 Ke4 63. Bb8 Bd2 64. Kg3 Be2 65. Kh2 Kf3 66. Bc7 Bf1 67. Bb8 Bg2 68. Bc7 Bb4 69. Bb8 1/2-1/2

[Event "SLO-chT 24th"]
[Site "Slovenia"]
[Date "2014.11.15"]
[Round "2.4"]
[White "Volf, Ziga"]
[Black "Mikhalchishin, Adrian"]
[Result "1/2-1/2"]
[WhiteElo "2211"]
[BlackElo "2520"]
[PlyCount "90"]
[EventDate "2014.11.14"]
[EventType "team-tourn"]
[EventRounds "9"]
[EventCountry "SLO"]
[SourceTitle "EXT 2016"]
[Source "ChessBase"]
[SourceDate "2015.10.08"]
[SourceVersion "1"]
[SourceVersionDate "2015.10.08"]
[SourceQuality "1"]
[WhiteTeam "Novo Mesto Krka"]
[BlackTeam "Maribor"]
[WhiteTeamCountry "SLO"]
[BlackTeamCountry "SLO"]

1. d4 Nf6 2. Nf3 g6 3. Bf4 Bg7 4. e3 0-0 5. Be2 d6 6. 0-0 Nh5 7. Bg5 h6 8. Bh4 g5 9. Nfd2 Nf4 10. exf4 gxh4 11. Nf3 h3 12. g3 c5 13. c3 cxd4 14. Nxd4 Nc6 15. Nf3 e5 16. fxe5 dxe5 17. Qxd8 Rxd8 18. Nbd2 Be6 19. Rfd1 f5 20. Bc4 Kf7 21. Kf1 e4 22. Ng1 Ne5 23. Bxe6+ Kxe6 24. Nxh3 Nd3 25. Nf4+ Nxf4 26. gxf4 Bf8 27. f3 Bd6 28. fxe4 Bxf4 29. exf5+ Kxf5 30. Nf3 Ke4 31. Ke2 a6 32. a4 a5 33. Rab1 b6 34. b4 Rxd1 35. Rxd1 axb4 36. Rd4+ Kf5 37. Rxb4 Re8+ 38. Kf2 Be3+ 39. Kg2 Bc5 40. Rc4 Re2+ 41. Kh3 Re4 42. Nd4+ Ke5 43. Nc6+ Kd5 44. Rxe4 Kxe4 45. a5 bxa5 1/2-1/2

[Event "SLO-chT"]
[Site "Slovenia"]
[Date "2013.11.22"]
[Round "1"]
[White "Volf, Ziga"]
[Black "Skoberne, Jure"]
[Result "0-1"]
[WhiteElo "2218"]
[BlackElo "2573"]
[PlyCount "38"]
[EventDate "2013.11.22"]
[EventType "team-tourn"]
[EventRounds "9"]
[EventCountry "SLO"]
[SourceTitle "EXT 2015"]
[Source "ChessBase"]
[SourceDate "2014.11.20"]
[SourceVersion "1"]
[SourceVersionDate "2014.11.20"]
[SourceQuality "1"]
[WhiteTeam "Novo Mesto Krka"]
[BlackTeam "Maribor ZSK"]
[WhiteTeamCountry "SLO"]
[BlackTeamCountry "SLO"]

1. c4 e5 2. g3 Nc6 3. Bg2 f5 4. Nc3 Nf6 5. d3 Bb4 6. Bd2 0-0 7. a3 Bxc3 8. Bxc3 d5 9. cxd5 Nxd5 10. Qb3 Be6 11. Qxb7 Qd6 12. Qa6 Rab8 13. Rc1 Rb6 14. Qa4 e4 15. Nh3 exd3 16. 0-0 Nxc3 17. Rxc3 dxe2 18. Re1 Qd2 19. Rcc1 Nd4 0-1

[Event "SLO-chT 22th"]
[Site "Ljubljana"]
[Date "2012.12.07"]
[Round "7"]
[White "Borisek, Jure"]
[Black "Volf, Ziga"]
[Result "1-0"]
[WhiteElo "2539"]
[BlackElo "2230"]
[PlyCount "54"]
[EventDate "2012.11.23"]
[EventType "team-tourn"]
[EventRounds "9"]
[EventCountry "SLO"]
[SourceTitle "CBM 151 Extra"]
[Source "ChessBase"]
[SourceDate "2012.12.18"]
[SourceVersion "1"]
[SourceVersionDate "2012.12.18"]
[SourceQuality "1"]
[WhiteTeam "Ptuj Tehcenter"]
[BlackTeam "Novo Mesto Krka"]
[WhiteTeamCountry "SLO"]
[BlackTeamCountry "SLO"]

1. e4 e5 2. Nf3 Nc6 3. Bb5 Nf6 4. d3 Bc5 5. Bxc6 dxc6 6. Nbd2 Bg4 7. h3 Be6 8. Ng5 Qe7 9. 0-0 0-0-0 10. Qe2 h6 11. Nxe6 Qxe6 12. Nb3 Bb6 13. a4 a5 14. Bd2 g5 15. Bxa5 g4 16. h4 g3 17. Bxb6 cxb6 18. fxg3 Rhg8 19. Qf2 Nd7 20. a5 bxa5 21. Rxa5 Qg4 22. Nc5 Qxg3 23. Ra8+ Nb8 24. Qxg3 Rxg3 25. Rxf7 Rdg8 26. Rxb7 Rxg2+ 27. Kf1 Rh8 1-0

[Event "SLO-chT 22th"]
[Site "Ljubljana"]
[Date "2012.12.02"]
[Round "6"]
[White "Volf, Ziga"]
[Black "Stajner, Samo"]
[Result "0-1"]
[WhiteElo "2230"]
[BlackElo "2272"]
[PlyCount "70"]
[EventDate "2012.11.23"]
[EventType "team-tourn"]
[EventRounds "9"]
[EventCountry "SLO"]
[SourceTitle "CBM 151 Extra"]
[Source "ChessBase"]
[SourceDate "2012.12.18"]
[SourceVersion "1"]
[SourceVersionDate "2012.12.18"]
[SourceQuality "1"]
[WhiteTeam "Novo Mesto Krka"]
[BlackTeam "Krsko Triglav"]
[WhiteTeamCountry "SLO"]
[BlackTeamCountry "SLO"]

1. c4 c6 2. g3 d5 3. Bg2 Nf6 4. Nf3 g6 5. b3 Bg7 6. Bb2 0-0 7. 0-0 Bg4 8. d3 Qc8 9. Re1 Rd8 10. Nbd2 Qf5 11. Qc2 Na6 12. a3 Rac8 13. b4 Bh3 14. e4 Qh5 15. exd5 Bxg2 16. Kxg2 cxd5 17. Rxe7 Nc7 18. Re5 Qh6 19. Re2 Ne6 20. Rae1 g5 21. h4 gxh4 22. Rh1 Qg6 23. Ne5 Qf5 24. Rxh4 dxc4 25. Rxc4 Ng5 26. Ndf3 Rxc4 27. dxc4 Qh3+ 28. Kg1 Ng4 29. Rd2 Re8 30. Qd1 Bxe5 31. Bxe5 Nxf3+ 32. Qxf3 Rxe5 33. Rd1 Re2 34. Rd8+ Kg7 35. Qc3+ Re5 0-1

[Event "SLO-chT1 West"]
[Site "Ljubljana"]
[Date "2010.10.10"]
[Round "6.2"]
[White "Volf, Ziga"]
[Black "Jelen, Igor"]
[Result "1/2-1/2"]
[WhiteElo "2210"]
[BlackElo "2399"]
[PlyCount "112"]
[EventDate "2010.09.24"]
[EventType "team-tourn"]
[EventRounds "9"]
[EventCountry "SLO"]
[SourceTitle "CBM 138 Extra"]
[Source "ChessBase"]
[SourceDate "2010.10.29"]
[SourceVersion "1"]
[SourceVersionDate "2010.10.29"]
[SourceQuality "1"]
[WhiteTeam "Novo Mesto Krka"]
[BlackTeam "Ljubljana Vidmar"]
[WhiteTeamCountry "SLO"]
[BlackTeamCountry "SLO"]

1. e4 c5 2. Nf3 Nc6 3. d4 cxd4 4. Nxd4 Nf6 5. Nc3 e5 6. Ndb5 d6 7. Bg5 a6 8. Na3 b5 9. Bxf6 gxf6 10. Nd5 f5 11. c3 Bg7 12. exf5 Bxf5 13. Nc2 0-0 14. Nce3 Be6 15. Bd3 f5 16. Qh5 e4 17. Bc2 Ne5 18. 0-0-0 Ra7 19. g4 Bf7 20. Qh3 fxg4 21. Nxg4 Qg5+ 22. Nge3 Bxd5 23. Rhg1 Qf4 24. Rxd5 Kh8 25. Kb1 Raf7 26. Rg2 Rf6 27. a3 Nc4 28. Rh5 Rh6 29. Rxh6 Bxh6 30. Rg4 Qf6 31. Rh4 Bxe3 32. Rxh7+ Kg8 33. fxe3 Qf1+ 34. Ka2 Qxh3 35. Rxh3 Rf2 36. Bxe4 Rxb2+ 37. Ka1 Rb3 38. Bd5+ Kg7 39. Bxc4 bxc4 40. e4 Rxa3+ 41. Kb2 Rb3+ 42. Kc2 Rb5 43. Kd2 Rb1 44. Rh5 Kf6 45. h4 Ke6 46. Ra5 Rh1 47. h5 Rh3 48. Rxa6 Rxh5 49. Ke3 Rh1 50. Kd4 Rd1+ 51. Kxc4 Ke5 52. Ra8 Kxe4 53. Re8+ Kf5 54. Kb5 Rd5+ 55. Kc6 Rc5+ 56. Kxd6 Rxc3 1/2-1/2

[Event "SLO-chT1 West"]
[Site "Ljubljana"]
[Date "2010.10.09"]
[Round "5.2"]
[White "Mar, Karmen"]
[Black "Volf, Ziga"]
[Result "1-0"]
[WhiteElo "2271"]
[BlackElo "2210"]
[PlyCount "49"]
[EventDate "2010.09.24"]
[EventType "team-tourn"]
[EventRounds "9"]
[EventCountry "SLO"]
[SourceTitle "CBM 138 Extra"]
[Source "ChessBase"]
[SourceDate "2010.10.29"]
[SourceVersion "1"]
[SourceVersionDate "2010.10.29"]
[SourceQuality "1"]
[WhiteTeam "Kocevje"]
[BlackTeam "Novo Mesto Krka"]
[WhiteTeamCountry "SLO"]
[BlackTeamCountry "SLO"]

1. e4 e5 2. Nf3 Nc6 3. Bc4 Nf6 4. d3 Bc5 5. 0-0 a6 6. Bb3 d6 7. c3 Ba7 8. Nbd2 0-0 9. Nc4 Ne7 10. Nh4 Bg4 11. Qe1 Be6 12. Be3 c5 13. Bg5 Ne8 14. Ne3 Bxb3 15. Bxe7 Qxe7 16. Nhf5 Qe6 17. axb3 g6 18. Nh6+ Kg7 19. Qd2 Qxb3 20. Nd5 Qb5 21. Qg5 Qd7 22. Nf5+ Kh8 23. Nf6 Qd8 24. Qh6 Nxf6 25. Qg7# 1-0

[Event "Sentjur Ipavec Memorial 11th"]
[Site "Sentjur"]
[Date "2010.09.23"]
[Round "9"]
[White "Rukavina, Josip"]
[Black "Volf, Ziga"]
[Result "1-0"]
[WhiteElo "2423"]
[BlackElo "2210"]
[PlyCount "69"]
[EventDate "2010.09.17"]
[EventType "swiss"]
[EventRounds "9"]
[EventCountry "SLO"]
[SourceTitle "CBM 138 Extra"]
[Source "ChessBase"]
[SourceDate "2010.10.29"]
[SourceVersion "1"]
[SourceVersionDate "2010.10.29"]
[SourceQuality "1"]

1. Nf3 f5 2. b4 e6 3. a3 Nf6 4. e3 a5 5. b5 d5 6. c4 Bd6 7. Bb2 0-0 8. Be2 c6 9. Nc3 Nbd7 10. bxc6 bxc6 11. Nd4 Nc5 12. Nxc6 Qb6 13. Nd4 Qxb2 14. Rb1 Qxa3 15. Ndb5 Nd3+ 16. Bxd3 Qc5 17. Qe2 Ba6 18. 0-0 Rfc8 19. Na4 Qc6 20. Nxd6 Qxd6 21. c5 Bxd3 22. Qxd3 Qa6 23. Qxa6 Rxa6 24. d4 e5 25. Rb6 Ra7 26. Re6 exd4 27. exd4 Rb8 28. Nb6 Kf7 29. Re5 g6 30. Re3 a4 31. Ra3 Ne4 32. Rd1 Ra5 33. f3 Nxc5 34. dxc5 Rxc5 35. Nd7 1-0

[Event "Sentjur Ipavec Memorial 11th"]
[Site "Sentjur"]
[Date "2010.09.20"]
[Round "6"]
[White "Volf, Ziga"]
[Black "Gorsek, Gregor"]
[Result "1/2-1/2"]
[WhiteElo "2210"]
[BlackElo "2064"]
[PlyCount "46"]
[EventDate "2010.09.17"]
[EventType "swiss"]
[EventRounds "9"]
[EventCountry "SLO"]
[SourceTitle "CBM 138 Extra"]
[Source "ChessBase"]
[SourceDate "2010.10.29"]
[SourceVersion "1"]
[SourceVersionDate "2010.10.29"]
[SourceQuality "1"]

1. d4 g6 2. g3 Bg7 3. Bg2 d6 4. e4 c5 5. dxc5 Qa5+ 6. c3 dxc5 7. Ne2 Nc6 8. Na3 Nf6 9. h3 0-0 10. 0-0 Rd8 11. Qc2 e5 12. Bg5 h6 13. Nc4 Qc7 14. Bxf6 Bxf6 15. Ne3 Be6 16. Nd5 Bxd5 17. exd5 Ne7 18. Rad1 Nf5 19. h4 h5 20. Bh3 Nd6 21. c4 a6 22. b3 Bg7 23. Rfe1 Re8 1/2-1/2

[Event "SLO-chT1a West"]
[Site "Ljubljana"]
[Date "2009.10.10"]
[Round "3.3"]
[White "Semrl, Marjan"]
[Black "Volf, Ziga"]
[Result "1/2-1/2"]
[WhiteElo "2181"]
[BlackElo "2210"]
[PlyCount "87"]
[EventDate "2009.10.09"]
[EventType "team-tourn"]
[EventRounds "9"]
[EventCountry "SLO"]
[SourceTitle "EXT 2012"]
[Source "ChessBase"]
[SourceDate "2011.11.24"]
[SourceVersion "1"]
[SourceVersionDate "2011.11.24"]
[SourceQuality "1"]
[WhiteTeam "Domzale"]
[BlackTeam "Novo Mesto Krka"]
[WhiteTeamCountry "SLO"]
[BlackTeamCountry "SLO"]

1. d4 c5 2. d5 d6 3. e4 Nf6 4. Nc3 e5 5. Nf3 Be7 6. Be2 0-0 7. Nd2 Bd7 8. a4 Na6 9. 0-0 Nc7 10. Re1 Rb8 11. Nb5 Nfe8 12. Nxc7 Qxc7 13. Bg4 Bg5 14. Bxd7 Qxd7 15. Nc4 Bxc1 16. Qxc1 f5 17. exf5 Qxf5 18. Qd2 b6 19. Re3 Qd7 20. b3 Nc7 21. Rg3 Rf4 22. Ne3 Rbf8 23. c4 Qf7 24. Ng4 Kh8 25. Rf1 Ne8 26. h3 Nf6 27. Nxf6 Qxf6 28. Re3 Kg8 29. Qe2 Qg6 30. f3 Qg3 31. Qe1 Qg5 32. Qe2 Rd4 33. Rd3 Rxd3 34. Qxd3 Qg3 35. Qe2 Rf4 36. Rd1 Qg6 37. Kh2 Qf5 38. Rd3 h6 39. Re3 Qb1 40. Re4 Rf6 41. Qe3 Qc2 42. f4 Rg6 43. Qf3 Rf6 44. Qe3 1/2-1/2

[Event "SLO-chT Central Superliga 10th"]
[Site "Slovenija"]
[Date "2009.10.01"]
[Round "3.2"]
[White "Volf, Ziga"]
[Black "Krumpak, Hinko"]
[Result "1-0"]
[WhiteElo "2210"]
[BlackElo "2139"]
[PlyCount "61"]
[EventDate "2009.09.17"]
[EventType "team-tourn"]
[EventRounds "9"]
[EventCountry "SLO"]
[SourceTitle "EXT 2022"]
[Source "ChessBase"]
[SourceDate "2021.10.06"]
[SourceVersion "1"]
[SourceVersionDate "2021.10.06"]
[SourceQuality "1"]
[WhiteTeam "Podpec Prigo"]
[BlackTeam "Visnja Gora Sticna"]
[WhiteTeamCountry "SLO"]
[BlackTeamCountry "SLO"]

1. e4 g6 2. d4 Bg7 3. Nc3 c6 4. Nf3 d5 5. h3 Nh6 6. Bd3 0-0 7. 0-0 f6 8. Ne2 Na6 9. Bd2 Nf7 10. exd5 cxd5 11. c4 Nc7 12. Nc3 b6 13. cxd5 Bb7 14. Re1 Nxd5 15. Be4 e6 16. Qb3 Qd7 17. Rac1 Rfc8 18. Nxd5 exd5 19. Bd3 Bf8 20. Bf4 Nd6 21. Nh2 Rxc1 22. Rxc1 Rc8 23. Rxc8 Qxc8 24. Ng4 Qe6 25. Ne3 Ne4 26. Bb8 f5 27. Bxa7 f4 28. Ng4 Nd2 29. Qxb6 Bc6 30. Ne5 Qe7 31. Qxc6 1-0

[Event "FRM-ch op"]
[Site "Struga"]
[Date "2009.07.26"]
[Round "9"]
[White "Hristovski, Srdzan"]
[Black "Volf, Ziga"]
[Result "0-1"]
[WhiteElo "2150"]
[BlackElo "2195"]
[PlyCount "96"]
[EventDate "2009.07.18"]
[EventType "swiss"]
[EventRounds "9"]
[EventCountry "MKD"]
[SourceTitle "CBM 131 Extra"]
[Source "ChessBase"]
[SourceDate "2009.09.03"]
[SourceVersion "2"]
[SourceVersionDate "2009.09.16"]
[SourceQuality "1"]

1. d4 Nf6 2. Nf3 g6 3. c4 Bg7 4. Nc3 0-0 5. e4 d6 6. Be2 c5 7. d5 Nbd7 8. h3 Ne8 9. Be3 Nc7 10. Qd2 a6 11. Bh6 Nf6 12. Bxg7 Kxg7 13. 0-0 b5 14. Qe3 Rb8 15. b3 bxc4 16. bxc4 Nd7 17. Nh2 e5 18. dxe6 Nxe6 19. Nd5 Nd4 20. Ng4 h5 21. Nh2 Nf6 22. Bd3 Bb7 23. Nf3 Nc6 24. Qd2 Re8 25. Qc3 Nb4 26. Rfe1 Nxd3 27. Qxd3 Bxd5 28. exd5 Qa5 29. Re3 Rxe3 30. Qxe3 Rb2 31. a3 Rc2 32. Qe7 Qc3 33. Rf1 Rc1 34. Rxc1 Qxc1+ 35. Kh2 Qxc4 36. Qxd6 Nxd5 37. Qe5+ Nf6 38. g3 Qe4 39. Qc3 c4 40. Ne5 Nd5 41. Qb2 c3 42. Qb8 Qd4 43. Kg2 c2 44. Nd7 c1Q 45. Qf8+ Kh7 46. Qxf7+ Qg7 47. Qxd5 Qc7 48. Nc5 Qge5 0-1

[Event "FRM-ch op"]
[Site "Struga"]
[Date "2009.07.23"]
[Round "6"]
[White "Organdziev, Oliver"]
[Black "Volf, Ziga"]
[Result "1-0"]
[WhiteElo "2277"]
[BlackElo "2195"]
[PlyCount "151"]
[EventDate "2009.07.18"]
[EventType "swiss"]
[EventRounds "9"]
[EventCountry "MKD"]
[SourceTitle "CBM 131 Extra"]
[Source "ChessBase"]
[SourceDate "2009.09.03"]
[SourceVersion "2"]
[SourceVersionDate "2009.09.16"]
[SourceQuality "1"]

1. e4 d5 2. exd5 Nf6 3. d4 Nxd5 4. Nf3 g6 5. Be2 Bg7 6. 0-0 0-0 7. h3 Nb6 8. a4 a5 9. c3 N8d7 10. Bf4 Nd5 11. Bh2 c5 12. Na3 cxd4 13. cxd4 Qb6 14. Nb5 N7f6 15. Ne5 Be6 16. Nc4 Qd8 17. Bf3 g5 18. Be5 Ne8 19. Bxg7 Kxg7 20. Bxd5 Bxd5 21. Ne3 Nf6 22. Nc3 e6 23. f4 h6 24. fxg5 hxg5 25. Qd3 Bc6 26. Rf2 Nd5 27. Nexd5 Bxd5 28. Re1 f6 29. Qg3 Bc6 30. Rd2 e5 31. d5 Bd7 32. Qe3 Ra6 33. Ne4 b6 34. b3 Ra8 35. Rc1 Rc8 36. Rf1 Kg6 37. Rdf2 f5 38. Nd6 Rc5 39. Qxe5 Qf6 40. Qxf6+ Rxf6 41. Ne4 Rxd5 42. Nxf6 Kxf6 43. Rc1 Rd4 44. Rc4 Rd1+ 45. Kh2 Ke5 46. Re2+ Kd6 47. Rcc2 Be6 48. Rcd2+ Rxd2 49. Rxd2+ Kc5 50. Rd3 Kb4 51. g3 f4 52. gxf4 gxf4 53. h4 Bg4 54. Kg2 Ka3 55. Kf2 Kb2 56. Rf3 Bh5 57. Rxf4 Kxb3 58. Rf6 Kxa4 59. Rxb6 Be8 60. Ke3 Ka3 61. Kd2 a4 62. Kc1 Ka2 63. Rb2+ Ka1 64. Rb1+ Ka2 65. Rb8 Bh5 66. Rh8 Bg4 67. h5 a3 68. h6 Bf5 69. Rf8 Bg6 70. Rf6 Be4 71. Rb6 Ka1 72. Kd2 a2 73. Kc3 Bf5 74. Rb2 Be4 75. Kb3 Bb1 76. Ka3 1-0

[Event "SLO-chT 18th"]
[Site "Murska Sobota"]
[Date "2008.12.09"]
[Round "4"]
[White "Volf, Ziga"]
[Black "Gruskovnjak, Tomislav"]
[Result "1/2-1/2"]
[WhiteElo "2180"]
[BlackElo "2370"]
[PlyCount "104"]
[EventDate "2008.12.06"]
[EventType "team-tourn"]
[EventRounds "9"]
[EventCountry "SLO"]
[SourceTitle "CBM 127 Extra"]
[Source "ChessBase"]
[SourceDate "2009.01.08"]
[SourceVersion "2"]
[SourceVersionDate "2009.01.28"]
[SourceQuality "1"]
[WhiteTeam "Krka Novo mesto"]
[BlackTeam "Radenska Pomgrad"]
[WhiteTeamCountry "SLO"]
[BlackTeamCountry "SLO"]

1. e4 c5 2. Nc3 a6 3. g3 d6 4. Bg2 Nc6 5. d3 Nf6 6. f4 Bg4 7. Nf3 Nd4 8. h3 Nxf3+ 9. Bxf3 Bxf3 10. Qxf3 e6 11. e5 dxe5 12. fxe5 Nd7 13. 0-0 Nxe5 14. Qxb7 Be7 15. Bf4 Nd7 16. Rae1 0-0 17. Ne4 Nf6 18. Qc7 Nd5 19. Qxd8 Rfxd8 20. a4 Nxf4 21. Rxf4 Rd4 22. b3 Rad8 23. Rf3 h5 24. Kg2 R8d5 25. Re2 Rd7 26. Nd2 R7d5 27. Nc4 Bf6 28. Ref2 Rd7 29. Nd2 R4d5 30. Rxf6 gxf6 31. Ne4 f5 32. Nf6+ Kf8 33. Rf4 Kg7 34. Nxd7 Rxd7 35. Rc4 Rd5 36. a5 Kf6 37. Kf3 Kg5 38. Ke3 e5 39. h4+ Kf6 40. c3 Ke6 41. b4 cxb4 42. cxb4 Rb5 43. Rc6+ Kd5 44. Rxa6 Rxb4 45. Rf6 Rg4 46. Kf2 Rd4 47. Ke2 Rg4 48. Rxf5 Rxg3 49. Rxf7 Rg4 50. a6 Rxh4 51. a7 Ra4 52. Rh7 h4 1/2-1/2

[Event "SLO-chT2"]
[Site "Ljubljana"]
[Date "2007.11.16"]
[Round "2.5"]
[White "Winkler, Silvo"]
[Black "Volf, Ziga"]
[Result "0-1"]
[WhiteElo "1598"]
[BlackElo "2191"]
[PlyCount "72"]
[EventDate "2007.11.15"]
[EventType "team"]
[EventRounds "9"]
[EventCountry "SLO"]
[SourceTitle "CBM 121 Extra"]
[Source "ChessBase"]
[SourceDate "2008.01.10"]
[SourceVersion "1"]
[SourceVersionDate "2008.01.10"]
[SourceQuality "1"]
[WhiteTeam "Tolmin"]
[BlackTeam "Krka Novo Mesto"]
[WhiteTeamCountry "SLO"]
[BlackTeamCountry "SLO"]

1. d4 Nf6 2. Nf3 d6 3. c4 g6 4. Nc3 Bg7 5. e4 0-0 6. Be2 Nc6 7. 0-0 e5 8. d5 Ne7 9. h3 Nd7 10. Nh2 f5 11. f4 exf4 12. Bxf4 Nc5 13. exf5 Nxf5 14. Nf3 h6 15. Qd2 g5 16. Bh2 Qe7 17. Rae1 Qe3+ 18. Rf2 Bxc3 19. Qxc3 Qxf2+ 20. Kxf2 Ne4+ 21. Kf1 Nxc3 22. bxc3 Re8 23. Kf2 b6 24. Rd1 Bd7 25. g4 Ng7 26. Nd4 Rf8+ 27. Kg2 Rae8 28. Bf3 h5 29. Bg1 hxg4 30. hxg4 Re7 31. Rd3 Kh7 32. Be3 Kg6 33. Bd1 Ne8 34. Bc2 Bxg4 35. Rd1+ Kg7 36. Bxg5 Re5 0-1

[Event "SLO-chT U20"]
[Site "Murska Sobota"]
[Date "2007.08.27"]
[Round "3"]
[White "Buzeti, Jernej"]
[Black "Volf, Ziga"]
[Result "1/2-1/2"]
[WhiteElo "2108"]
[BlackElo "2203"]
[PlyCount "92"]
[EventDate "2007.08.25"]
[EventType "team-swiss"]
[EventRounds "9"]
[EventCountry "SLO"]
[SourceTitle "CBM 120 Extra"]
[Source "ChessBase"]
[SourceDate "2007.11.01"]
[SourceVersion "1"]
[SourceVersionDate "2007.11.01"]
[SourceQuality "1"]

1. e4 e5 2. Nf3 Nc6 3. Bb5 Nf6 4. 0-0 Nxe4 5. d4 Nd6 6. Bxc6 dxc6 7. dxe5 Nf5 8. Qxd8+ Kxd8 9. Nc3 Ne7 10. b3 Ng6 11. h3 h6 12. Bb2 Bd7 13. Rad1 Kc8 14. Rd2 Be7 15. Rfd1 Rd8 16. Ne4 Be6 17. Nd4 c5 18. Ne2 Rxd2 19. Rxd2 c4 20. f4 cxb3 21. axb3 h5 22. N4g3 h4 23. f5 hxg3 24. fxe6 fxe6 25. Nxg3 a5 26. Nh5 Bf8 27. Rd3 a4 28. Rg3 axb3 29. cxb3 Bc5+ 30. Kh2 Ra2 31. Rxg6 Rxb2 32. Nxg7 Bd4 33. Rxe6 Rxb3 34. Re8+ Kd7 35. e6+ Kc6 36. Nf5 Bc5 37. e7 Bd6+ 38. Kg1 Rb1+ 39. Kf2 Bc5+ 40. Ke2 Rb2+ 41. Kd3 Rxg2 42. Rd8 Bxe7 43. Nxe7+ Kb5 44. Nf5 c5 45. h4 Rh2 46. Rh8 Kb4 1/2-1/2